000 00652nam a2200217 i 4500
001 28475
003 ES-MaACL
005 20230906153848.0
007 t|
008 030117s1935 fr ||||1| fre d
100 1 _aBaentsch, B.
_924592
245 1 0 _aDavid Roi d'Israel /
_cB. Baentsch ; avant propos et traduction de Jacques Marty.
250 _a[1ere ed.].
260 _aParís :
_bPayot,
_c1935 (
_eDijon :
_fDarantierre)
300 _a246 p. ;
_c23 cm.
490 1 _aBibliothèque historique
700 1 _aMarty, Jacques.
_978564
830 0 _aBibliothèque historique
_9180899
852 _aES-MaACL
_jA-3992
_bR.15960
999 _c28475
_d28475